Central Library OPAC University of Rajshahi

Maxim Gorky the writer : (Record no. 63792)

MARC details
000 -LEADER
fixed length control field 00680nam a2200217 a 4500
001 - CONTROL NUMBER
control field 63792
003 - CONTROL NUMBER IDENTIFIER
rucl marc code BD-RjUL
005 - DATE AND TIME OF LATEST TRANSACTION
control field 20211209081232.0
008 - FIXED-LENGTH DATA ELEMENTS--GENERAL INFORMATION
fixed length control field 170204s1967 enk 001 0 eng d
035 ## - SYSTEM CONTROL NUMBER
System control number (BD-RjUL)63922
040 ## - CATALOGING SOURCE
Original cataloging agency BD-RjUL
Language of cataloging eng
Transcribing agency BD-RjUL
Modifying agency BD-RjUL
041 ## - LANGUAGE CODE
Language code of text/sound track or separate title eng
082 ## - DEWEY DECIMAL CLASSIFICATION NUMBER
Classification number 891.784208
Author mark and year BOM 1967
100 1# - MAIN ENTRY--PERSONAL NAME
Personal name Borras, F. M.
9 (RLIN) 189362
245 10 - TITLE STATEMENT
Title Maxim Gorky the writer :
Remainder of title an interpretation /
Statement of responsibility, etc. by F.M. Borras.
260 ## - PUBLICATION, DISTRIBUTION, ETC. (IMPRINT)
Place of publication, distribution, etc. Oxford :
Name of publisher, distributor, etc. Clarendon Press,
Date of publication, distribution, etc. 1967.
300 ## - PHYSICAL DESCRIPTION
Pagination xxvii, 195 p. ;
Size 23 cm.
504 ## - BIBLIOGRAPHY, ETC. NOTE
Bibliography, etc Includes Bibliography: p. 191. and index.
600 10 - SUBJECT ADDED ENTRY--PERSONAL NAME
Personal name Gorky, Maksim,
Dates associated with a name 1868-1936
General subdivision Criticism and interpretation.
942 ## - ADDED ENTRY ELEMENTS (KOHA)
Source of classification or shelving scheme Dewey Decimal Classification
Koha item type Books
Holdings
Lost status Source of classification or shelving scheme Damaged status Not for loan Collection code Permanent Location Current Location Shelving location Date acquired Source of acquisition Cost, normal purchase price Total Checkouts Full call number Date last seen Copy number Koha item type
  Dewey Decimal Classification   Not For Loan Non-fiction Central Library, University of Rajshahi Central Library, University of Rajshahi Reading Room 22/09/1970 Zeitlinger 30.00   891.784208 BOM 1967 04/02/2017 C-1 Books